000
00212 a2200097 4500
001
41849
100
_a
Brady G S
245
_a
Materials hand book
260
_a
_b
McGraw-Hill Book Co.
_c
090
_c
25945
_d
25945
942
_a
NUST-CAE
_c
M
_c
17719
999
_c
276922
_d
276922